IV Simposi sobre Restauració Monumental : restaurar o conservar? : Barcelona - Cardona, del 17 al 20 de novembre de 1993 restaurar o conservar? :
Publicado:
Barcelona :
Diputació de Barcelona, Àrea de Cooperació, Servei del Patrimoni Arquitectònic Local ,
1996
Descripción Física:
374 p. : il. ; 21 x 30 cm
Colección:
Quaderns científics i tècnics ; 7
MARC
| LEADER | 00000nam a2200000Ia 4500 | ||
|---|---|---|---|
| 001 | 11387 | ||
| 008 | 160829s1996 xx 000 0 cat d | ||
| 080 | |a FOL-1-158 | ||
| 100 | |a Simposi sobre Restauració Monumental (4t : 1993 : Barcelona i Cardona) |9 24248 | ||
| 245 | |a IV Simposi sobre Restauració Monumental : |b restaurar o conservar? : |b Barcelona - Cardona, del 17 al 20 de novembre de 1993 | ||
| 260 | |a Barcelona : |b Diputació de Barcelona, Àrea de Cooperació, Servei del Patrimoni Arquitectònic Local, |c 1996 | ||
| 300 | |a 374 p. : |b il. ; |c 21 x 30 cm | ||
| 490 | |a Quaderns científics i tècnics ; 7 | ||
| 650 | |a Monuments |x Conservació i restauració |x Congressos |9 20815 | ||
| 710 | |a Barcelona (Catalunya : Província). |b Servei de Patrimoni Arquitectònic Local |9 19202 | ||
| 901 | |a Arxiu | ||
| 942 | |n 1 | ||
| 952 | |0 0 |1 0 |4 0 |6 FOL1158 |7 1 |9 43036 |a Arxiu |b Arxiu |d 2016-12-01 |l 0 |o FOL-1-158 |p 11387 |r 2016-12-01 00:00:00 |w 2016-12-01 |y ARXIU | ||
| 999 | |c 45580 |d 45580 | ||